[Event "AUTO-OPEN-1661"]
[Site "http://www.queenalice.com/game.php?id=638164"]
[Date "2009.8.17"]
[Round "1"]
[White "juim"]
[Black "gmoney1970"]
[Result "1-0"]
[WhiteElo "1618"]
[BlackElo "1801"]

1. e4 e6 2. d3 b6 3. Bf4 g5 4. Be3 Bg7 5. c3 Bb7 6. Nf3 g4 7. Ne5 Bxe5 8. Qxg4
h5 9. Qd1 d5 10. exd5 Bxd5 11. Be2 h4 12. f3 h3 13. gxh3 Rxh3 14. Qa4+ Bc6 15.
Qg4 Qh4+ 16. Qxh4 Rxh4 17. Nd2 Bxh2 18. O-O-O Nd7 19. Nf1 Bg3 20. Nxg3 Rxh1 21.
Nxh1 O-O-O 22. Ng3 a5 23. d4 f5 24. Bc4 Bxf3 25. Ne2 c6 26. Bf4 b5 27. Bd3 Re8
28. Rg1 Ngf6 29. Be5 Nxe5 30. dxe5 Ng4 31. Nd4 Nf2 32. Bf1 Ng4 33. Nxf3 a4 34.
Bh3 Rg8 35. Nd4 Kd7 36. Rd1 Nf2 37. Rd2 Nxh3 38. Nxb5+ Ke7 39. Nd4 c5 40. Nc6+
Kf7 41. Rd7+ Ke8 42. Re7+ Kf8 43. Rxe6 f4 44. Rf6+ Ke8 45. Rh6 Ng5 46. e6 f3 47.
Rh2 Rg6 48. Rh8+ 1-0

[Event "AUTO-OPEN-1661"]
[Site "http://www.queenalice.com/game.php?id=638165"]
[Date "2009.8.17"]
[Round "1"]
[White "gmoney1970"]
[Black "juim"]
[Result "1-0"]
[WhiteElo "1780"]
[BlackElo "1640"]

1. e3 e5 2. Qh5 Nf6 3. Qxe5+ Be7 4. b3 Nc6 5. Qg5 g6 6. Bb2 h6 7. Qf4 d6 8. Bb5
a6 9. Bxc6+ bxc6 10. Nf3 Bb7 11. O-O Qd7 12. Bxf6 Rh7 13. Bxe7 Qxe7 14. a4 c5
15. d4 cxd4 16. exd4 O-O-O 17. Qg4+ Rd7 18. Re1 Bxf3 19. Rxe7 Bxg4 20. Rxd7 Kxd7
21. h3 Bf5 22. c4 Be6 23. g4 f5 24. d5 Bg8 25. gxf5 gxf5 26. b4 Re7 27. a5 Re4
28. b5 Re8 29. Kg2 Bh7 30. Kg3 Rf8 31. f4 h5 32. h4 Rg8+ 33. Kf3 Rg4 34. bxa6
Rxh4 35. a7 Rh3+ 36. Kg2 Re3 37. a8=Q Re8 38. Qc6+ Ke7 39. Qxc7+ 1-0

[Event "AUTO-OPEN-1661"]
[Site "http://www.queenalice.com/game.php?id=638194"]
[Date "2009.8.17"]
[Round "1"]
[White "gmoney1970"]
[Black "QUEENOFDEATH"]
[Result "0-1"]
[WhiteElo "1800"]
[BlackElo "1850"]

1. e3 c5 2. b3 d5 3. Bb2 e6 4. h4 Nf6 5. g4 Nc6 6. g5 Ne4 7. d3 Nd6 8. Bg2 Bd7
9. e4 d4 10. Ba3 Nb5 11. Nf3 Nxa3 12. Nxa3 Qa5+ 13. Qd2 Qxa3 14. O-O Bd6 15. Qc1
Qxc1 16. Rfxc1 f6 17. c3 fxg5 18. Nxg5 dxc3 19. Rxc3 Be5 20. d4 Bxd4 0-1

[Event "AUTO-OPEN-1661"]
[Site "http://www.queenalice.com/game.php?id=638195"]
[Date "2009.8.17"]
[Round "1"]
[White "QUEENOFDEATH"]
[Black "gmoney1970"]
[Result "1-0"]
[WhiteElo "1500"]
[BlackElo "1800"]

1. c4 e6 2. d4 Qh4 3. Nf3 Qf6 4. e4 b6 5. e5 Qe7 6. Bd3 Bb7 7. O-O g6 8. Bg5 f6
9. exf6 Nxf6 10. d5 exd5 11. Re1 Qxe1+ 12. Qxe1+ Kf7 13. Bxf6 1-0

[Event "AUTO-OPEN-1661"]
[Site "http://www.queenalice.com/game.php?id=638196"]
[Date "2009.8.17"]
[Round "1"]
[White "gmoney1970"]
[Black "kako"]
[Result "0-1"]
[WhiteElo "1812"]
[BlackElo "1713"]

1. e3 e5 2. Qh5 d6 3. Nf3 Nf6 4. Qh4 Be7 5. Qa4+ Bd7 6. Qb3 b6 7. Ng5 d5 8. e4
Bc6 9. Bb5 O-O 10. Bxc6 Nxc6 11. d3 Nd4 12. Qc3 dxe4 13. dxe4 c5 14. Be3 Ng4 15.
h3 Nxe3 16. fxe3 Nxc2+ 17. Qxc2 Bxg5 18. Qc3 Bh4+ 19. Ke2 Bf6 20. Rd1 Qe8 21.
Na3 Rd8 22. Rxd8 Bxd8 23. g4 Qe6 24. Nb5 a6 25. Na3 Bc7 26. Qc4 Qxc4+ 27. Nxc4
b5 28. Nd2 c4 29. Rc1 Ba5 30. Nf3 Rc8 31. b3 c3 32. Nxe5 Bb4 33. a4 bxa4 34.
bxa4 f6 35. Nd7 Rd8 36. Nb6 Rd2+ 37. Kf3 c2 38. Nd5 Ba3 39. Rxc2 Rxc2 40. Ne7+
Bxe7 41. Kf4 Kf7 42. e5 fxe5+ 43. Kxe5 Rc4 44. g5 Rxa4 45. e4 Bxg5 46. Kf5 h6
47. e5 Rf4# 0-1

[Event "AUTO-OPEN-1661"]
[Site "http://www.queenalice.com/game.php?id=638197"]
[Date "2009.8.17"]
[Round "1"]
[White "kako"]
[Black "gmoney1970"]
[Result "0-1"]
[WhiteElo "1722"]
[BlackElo "1781"]

1. d4 e6 2. Bf4 g5 3. Be3 Bg7 4. g3 d6 5. Bg2 c5 6. c3 Nc6 7. Bxc6+ bxc6 8. dxc5
dxc5 9. Qxd8+ Kxd8 10. Bxc5 Bb7 11. Nf3 h6 12. O-O Ba6 13. Rd1+ Kc8 14. Rd2 Nf6
15. e3 Ne4 16. Rd1 Nxc5 17. Na3 Be2 18. Rd6 Kc7 19. Rd2 Bxf3 20. Rc1 Bd5 21. b4
Ne4 22. c4 Nxd2 23. cxd5 exd5 24. Rc2 Nf3+ 25. Kh1 Rhb8 26. b5 Ne5 27. f4 gxf4
28. exf4 Nc4 29. Nxc4 dxc4 30. Rxc4 Rxb5 31. a4 Rb2 32. Re4 Rd8 33. Re7+ Kc8 34.
Re1 Bc3 0-1

[Event "AUTO-ADV-1443"]
[Site "http://www.queenalice.com/game.php?id=638224"]
[Date "2009.8.17"]
[Round "1"]
[White "luiz_gustavo"]
[Black "gmoney1970"]
[Result "1-0"]
[WhiteElo "1782"]
[BlackElo "1790"]

1. e4 e6 2. Nf3 b6 3. Nc3 Bb7 4. Bc4 d5 5. exd5 exd5 6. Bb5+ c6 7. Ba4 b5 8. Bb3
a5 9. a3 Qe7+ 10. Qe2 Qxe2+ 11. Nxe2 b4 12. axb4 axb4 13. Rxa8 Bxa8 14. O-O Nf6
15. d3 g6 16. Re1 Bg7 17. Ned4+ Kd8 18. Ne5 Rf8 19. Ba4 Kc7 20. Bf4 Kb6 21. Be3
Nfd7 22. Ndxc6+ Kc7 23. Nxb8 Nxb8 24. Bf4 Bxe5 25. Bxe5+ Kb6 26. b3 Re8 27. Bxe8
f5 28. Bxb8 g5 29. Bd6 Ka5 30. Ra1+ Kb6 31. Rxa8 1-0

[Event "AUTO-ADV-1443"]
[Site "http://www.queenalice.com/game.php?id=638225"]
[Date "2009.8.17"]
[Round "1"]
[White "gmoney1970"]
[Black "luiz_gustavo"]
[Result "1-0"]
[WhiteElo "1795"]
[BlackElo "1816"]

1. e3 e5 2. Qh5 Qe7 3. b3 Nf6 4. Qh4 Nc6 5. Bb2 h6 6. Ba3 d6 7. Bb5 Bd7 8. Nc3
O-O-O 9. O-O-O a6 10. Bxc6 Bxc6 11. f3 g5 12. Qh3+ Bd7 13. g4 h5 14. d4 Bg7 15.
d5 hxg4 16. Qg3 Nh5 17. Qg2 gxf3 18. Qxf3 g4 19. Qf2 f5 20. e4 f4 21. Qa7 Be8
22. Qa8+ Kd7 23. Qxb7 Bg6 24. Qxa6 Ra8 25. Qb5+ Kd8 26. Bb4 Qd7 27. Qxd7+ Kxd7
28. a4 Ra6 29. Nge2 f3 30. Ng3 Nxg3 31. hxg3 Rxh1 32. Rxh1 c5 33. Ba3 Ke7 34.
Kd1 Ra8 35. Rh4 f2 36. Ke2 Rf8 37. Kf1 Rf3 38. Rxg4 Kf6 39. Nb5 Bf8 40. a5 Be8
41. Nc7 Bd7 42. a6 Rxb3 43. cxb3 1-0

[Event "AUTO-ADV-1443"]
[Site "http://www.queenalice.com/game.php?id=638242"]
[Date "2009.8.17"]
[Round "1"]
[White "gmoney1970"]
[Black "aldav"]
[Result "0-1"]
[WhiteElo "1800"]
[BlackElo "1695"]

1. e3 d5 2. b3 b6 3. Bb2 Bb7 4. c4 dxc4 5. bxc4 c5 6. Qa4+ Bc6 7. Qc2 e6 8. Na3
Be7 9. Bxg7 Bf6 10. Bxh8 Bxa1 11. Bxa1 Qg5 12. f3 Na6 13. Qxh7 O-O-O 14. Nb1 Nb4
15. h4 Qg3+ 16. Ke2 Nd3 17. Kd1 Ba4+ 0-1

[Event "AUTO-ADV-1443"]
[Site "http://www.queenalice.com/game.php?id=638243"]
[Date "2009.8.17"]
[Round "1"]
[White "aldav"]
[Black "gmoney1970"]
[Result "1-0"]
[WhiteElo "1649"]
[BlackElo "1778"]

1. d4 e6 2. e3 b6 3. Nf3 Bb7 4. Be2 g5 5. O-O Bg7 6. b4 c5 7. a3 cxb4 8. axb4 g4
9. Ne5 Bxe5 10. dxe5 h5 11. f4 f6 12. exf6 Qxf6 13. Qd4 Qxd4 14. exd4 d5 15.
Bb5+ Bc6 16. Bxc6+ Nxc6 17. c3 Nf6 18. f5 e5 19. dxe5 Nxe5 20. Re1 Ne4 21. Nd2
Nc4 22. Nxe4 O-O-O 23. Ng3 a5 24. bxa5 bxa5 25. Be3 h4 26. Nf1 Nxe3 27. Rxe3
Rhf8 28. Re5 d4 29. cxd4 Rxd4 30. Raxa5 Rf7 31. Rec5+ Rc7 32. Rxc7+ Kxc7 33. f6
Rf4 34. Rg5 g3 35. hxg3 hxg3 36. Rxg3 Rxf6 37. Rd3 Kc6 38. g3 Kc5 39. Kg2 Kc4
40. Rd8 Kc3 41. Ne3 Rg6 42. Nf5 Rg5 43. Nh4 Rg4 44. Kh3 Ra4 45. g4 Ra3 46. g5
Kc4+ 47. Kg4 Kc5 48. g6 Ra7 49. Nf5 Ra4+ 50. Kg5 Ra1 51. g7 Rg1+ 52. Kf6 Kc6 53.
g8=Q Rxg8 54. Rxg8 Kc5 55. Rd8 Kc4 56. Ke5 Kc3 57. Rd4 Kb3 58. Ke4 Kc3 59. Ke3
Kb3 60. Kd3 Kb2 61. Rc4 Ka3 62. Kc2 1-0

[Event "AUTO-ADV-1443"]
[Site "http://www.queenalice.com/game.php?id=638244"]
[Date "2009.8.17"]
[Round "1"]
[White "gmoney1970"]
[Black "kako"]
[Result "1/2-1/2"]
[WhiteElo "1792"]
[BlackElo "1754"]

1. e3 e5 2. Qh5 e4 3. Bc4 g6 4. Qe5+ Qe7 5. Qxh8 Nf6 6. b3 d6 7. Bb2 Nbd7 8. Nh3
b6 9. Ng5 d5 10. Bb5 Kd8 11. Bxd7 Nxd7 12. h4 f6 13. Nxh7 Ke8 14. Nxf6+ Nxf6 15.
Bxf6 Qf7 16. f3 Kd7 17. h5 Be7 18. Bxe7 Qxe7 19. h6 Bb7 20. Qd4 Qh7 21. fxe4 Rh8
22. exd5 Kc8 23. Qg4+ Kb8 24. c4 Bc8 25. Qg5 Qg8 26. Nc3 Qe8 27. O-O-O a6 28. b4
Bf5 29. g4 Bd3 30. a4 Bxc4 31. d3 Bb3 32. Rdf1 Bxa4 33. Rf6 Bb5 34. d4 Qe7 35.
Nxb5 axb5 36. Rxg6 Qxb4 37. Rg8+ Rxg8 38. Qxg8+ Kb7 39. h7 Qc3+ 40. Kb1 Qb3+ 41.
Ka1 Qa3+ 42. Kb1 Qb3+ 43. Kc1 Qc3+ 44. Kb1 Qb3+ 45. Ka1 Qa3+ 46. Kb1 Qb3+ 47.
Kc1 Qc3+ 48. Kd1 Qd3+ 49. Ke1 Qxe3+ 50. Kf1 Qf3+ 51. Kg1 Qg3+ 52. Kf1 Qf3+ 53.
Ke1 Qe3+ 54. Kf1 Qf3+ 55. Ke1 Qe3+ 56. Kf1 1/2-1/2

[Event "AUTO-ADV-1443"]
[Site "http://www.queenalice.com/game.php?id=638245"]
[Date "2009.8.17"]
[Round "1"]
[White "kako"]
[Black "gmoney1970"]
[Result "1-0"]
[WhiteElo "1752"]
[BlackElo "1811"]

1. d4 b6 2. Bf4 Bb7 3. Nc3 g6 4. e4 Bg7 5. Nb5 d6 6. e5 a6 7. Nc3 b5 8. exd6
cxd6 9. Nf3 b4 10. Na4 Bc6 11. c3 a5 12. Be2 bxc3 13. bxc3 Nf6 14. c4 d5 15. c5
O-O 16. Ne5 h6 17. Nxc6 Nxc6 18. O-O Ne4 19. Be3 e5 20. dxe5 Bxe5 21. Rc1 Qh4
22. g3 Qf6 23. Bxh6 Rfd8 24. Bf3 g5 25. Bxe4 dxe4 26. Qh5 Qg6 27. Qxg6+ fxg6 28.
Bxg5 Rd3 29. Nb6 Re8 30. Rc4 Bc7 31. Na4 Ra3 32. Nc3 Ne5 33. Rxe4 Rxc3 34. Kg2
Rxc5 35. a4 Rf8 36. Be7 Rc4 37. Rxc4 Nxc4 38. Bxf8 Kxf8 39. Rc1 Nb2 40. Rxc7
Nxa4 41. Ra7 Nc5 42. Rxa5 Nb3 43. Ra8+ Kg7 44. g4 Nd4 45. h4 Ne2 46. g5 Nf4+ 47.
Kf3 Ne6 48. Ra7+ Kf8 49. Ke4 Nc5+ 50. Kd5 Nd3 51. f3 Nb4+ 52. Ke6 Nc6 53. Rc7
Nd4+ 54. Kf6 Ke8 55. Kxg6 Nxf3 56. h5 Ne5+ 57. Kf5 Nf7 58. h6 Nd6+ 59. Ke6 Ne4
60. Rc8# 1-0

[Event "QA-ANNIV-05"]
[Site "http://www.queenalice.com/game.php?id=654390"]
[Date "2009.9.18"]
[Round "2"]
[White "Ronin"]
[Black "gmoney1970"]
[Result "0-1"]
[WhiteElo "1906"]
[BlackElo "1790"]

1. d4 e6 2. e4 Qh4 3. Qd3 c5 4. Nf3 Qf6 5. e5 Qe7 6. Be3 b6 7. c3 Bb7 8. Be2 h6
9. a3 g5 10. Nbd2 g4 11. Ng1 h5 12. f3 gxf3 13. Ngxf3 Nc6 14. Bg5 f6 15. Qg6+
Qf7 16. Qxf7+ Kxf7 17. exf6 Nxf6 18. Bxf6 Rh6 19. Bg5 Rg6 20. O-O Bh6 21. Ne5+
Kg7 22. Rf7+ Kg8 23. Nxg6 Kxf7 24. Ne5+ Nxe5 25. Bxh5+ Kg7 26. Bxh6+ Kxh6 27.
dxe5 Kxh5 28. Nc4 Rg8 0-1

[Event "YuGi"]
[Site "http://www.queenalice.com/game.php?id=660531"]
[Date "2009.9.30"]
[Round "4"]
[White "HelderNanques"]
[Black "gmoney1970"]
[Result "1-0"]
[WhiteElo "2035"]
[BlackElo "1793"]

1. e4 e6 2. d4 c5 3. c3 Qh4 4. Qf3 cxd4 5. cxd4 Nc6 6. Be3 Bb4+ 7. Nc3 g5 8. g3
Qh6 9. h4 Qg7 10. O-O-O Bxc3 11. bxc3 g4 12. Qe2 b6 13. Bg2 Bb7 14. Qb2 Nh6 15.
Ne2 O-O 16. Qd2 f5 17. Bxh6 Qf7 18. Bxf8 Rxf8 19. e5 Na5 20. Bxb7 Nxb7 21. Nf4
a5 22. Qe2 Ra8 23. f3 Qg7 24. fxg4 Qxg4 25. Qxg4+ fxg4 26. Nh5 Kf7 27. Rhf1+ Kg6
28. Nf6 Rc8 29. Kd2 h5 30. Nxd7 b5 31. Rf6+ Kg7 32. Rdf1 Nd8 33. Nf8 Rc7 34.
Rxe6 Rf7 35. Rxf7+ Kxf7 36. Rf6+ Ke7 37. Ng6+ Ke8 38. Nf4 b4 39. Nxh5 bxc3+ 40.
Kxc3 Nb7 41. Nf4 Kd8 42. h5 Ke8 43. h6 Nd8 44. h7 Nf7 45. Rxf7 Kxf7 46. h8=Q a4
47. Qf6+ Ke8 48. e6 a3 49. Qf7+ Kd8 50. Qd7# 1-0

[Event "Challenge"]
[Site "http://www.queenalice.com/game.php?id=668861"]
[Date "2009.10.18"]
[Round "-"]
[White "ORNELAS"]
[Black "gmoney1970"]
[Result "0-1"]
[WhiteElo "1689"]
[BlackElo "1787"]

1. d4 e6 2. Nf3 b6 3. c3 Bb7 4. Bg5 f6 5. Bf4 d6 6. Nbd2 e5 7. dxe5 dxe5 8. Be3
e4 9. Nd4 c5 10. Ne6 Qe7 11. Qa4+ Bc6 12. Qb3 a5 13. g3 a4 14. Qc4 f5 15. a3 Nd7
16. Nc7+ Kd8 17. Nxa8 Bxa8 18. Qxa4 Bd5 19. Bg2 Qe8 20. c4 Be6 21. Qa8+ Ke7 22.
Bg5+ Ndf6 23. Qa7+ Qd7 24. Qxb6 g6 25. Qxc5+ Kf7 26. Qb6 Bh6 27. Bxh6 Nxh6 28.
Rd1 Rd8 29. O-O Qc8 30. b3 Nd7 31. Qb4 Ne5 32. e3 Nd3 33. Qc3 g5 34. Nb1 f4 35.
Bxe4 Nc5 36. exf4 Nxe4 37. Qe5 Bf5 38. fxg5 Nxg5 39. h4 Nf3+ 40. Kg2 Nxe5 41.
Rfe1 Qc6+ 42. Rd5 Rxd5 43. cxd5 Qxd5+ 44. Kf1 Bh3+ 45. Ke2 Qd3# 0-1

[Event "AUTO-OPEN-1752"]
[Site "http://www.queenalice.com/game.php?id=678943"]
[Date "2009.11.6"]
[Round "1"]
[White "luciopac"]
[Black "gmoney1970"]
[Result "1-0"]
[WhiteElo "2201"]
[BlackElo "1803"]

1. e4 e6 2. d4 c5 3. Nf3 b6 4. d5 Bb7 5. c4 g6 6. Nc3 Bg7 7. Be2 exd5 8. exd5
Bxc3+ 9. bxc3 Qf6 10. O-O Qxc3 11. Bf4 Na6 12. Be5 Qb4 13. Bxh8 O-O-O 14. Be5 f6
15. Bg3 Ne7 16. Qc2 Qa5 17. a3 Nf5 18. Bf4 Nd4 19. Nxd4 cxd4 20. Bd6 Qc3 21.
Qxc3 dxc3 22. Rac1 Nc5 23. Bxc5 bxc5 24. Rxc3 h5 25. Rb1 f5 26. Rcb3 Bxd5 27.
cxd5 d6 28. Rb8+ Kd7 29. R1b7+ Ke8 30. Bb5+ 1-0

[Event "AUTO-OPEN-1752"]
[Site "http://www.queenalice.com/game.php?id=678944"]
[Date "2009.11.6"]
[Round "1"]
[White "gmoney1970"]
[Black "luciopac"]
[Result "0-1"]
[WhiteElo "1765"]
[BlackElo "2129"]

1. e3 d5 2. b3 e5 3. Bb2 Bd6 4. f4 exf4 5. Bxg7 Qh4+ 6. g3 fxg3 7. Bg2 gxh2+ 8.
Kf1 hxg1=Q+ 9. Kxg1 Qg5 10. Bxh8 Bg4 11. Qe1 h5 12. Nc3 c6 13. e4 f6 14. exd5+
Kd8 15. dxc6 Bc5+ 16. Kh2 Bd6+ 17. Kg1 Bf3 18. Qf2 Bc5 19. d4 Bxg2 20. Qxg2
Bxd4+ 21. Kf1 Qxg2+ 22. Kxg2 Nxc6 23. Rad1 Ke7 24. Ne2 Be5 25. Rxh5 Ke6 26. Re1
Nge7 27. Ng3 Rg8 28. Re3 Nd5 29. Rf3 Nf4+ 30. Rxf4 Bxf4 31. Rh3 Bxg3 32. Bxf6
Be5+ 33. Kf2 Bxf6 34. Rh7 Rg7 35. Rxg7 Bxg7 36. a4 Nd4 37. b4 Nxc2 38. b5 Kd5
39. Ke2 Kd4 40. Kd2 Nb4 41. a5 Bh6+ 42. Ke2 Kc5 43. b6 a6 44. Kf3 Kb5 45. Ke2
Kxa5 46. Kf2 Kxb6 47. Ke2 a5 48. Kf2 a4 49. Ke2 a3 50. Kf2 a2 51. Ke2 a1=Q 52.
Kf2 Qc3 53. Ke2 Qe3+ 0-1

[Event "AUTO-OPEN-1752"]
[Site "http://www.queenalice.com/game.php?id=678965"]
[Date "2009.11.6"]
[Round "1"]
[White "gmoney1970"]
[Black "peace"]
[Result "0-1"]
[WhiteElo "1784"]
[BlackElo "1720"]

1. e3 e5 2. Qh5 Qf6 3. b3 g6 4. Qg4 Nh6 5. Qc4 c6 6. Bb2 Qe6 7. Qe4 d6 8. f4 Bg7
9. Bc4 d5 10. Bxd5 Qxd5 11. Qxd5 cxd5 12. fxe5 Be6 13. Na3 Nc6 14. O-O-O Bxe5
15. d4 Bd6 16. e4 Bxa3 17. Ne2 Bxb2+ 18. Kxb2 Bg4 19. Rde1 Bxe2 20. Rxe2 Nxd4
21. Ree1 dxe4 22. Rxe4+ Ne6 23. g4 O-O 24. h4 Nc5 25. Rc4 Rac8 26. g5 Nf5 27. b4
Na4+ 28. Kb3 Rxc4 29. Kxc4 Rc8+ 30. Kb3 b5 31. Rh3 Nd4+ 32. Ka3 Nxc2+ 33. Kb3
Nd4+ 34. Ka3 Rc3+ 35. Rxc3 Nxc3 36. Kb2 Nd5 37. a3 Nf3 38. Kb3 h5 39. a4 bxa4+
40. Kxa4 Nxh4 41. Ka5 Nf3 42. b5 h4 43. Ka6 h3 44. Kxa7 h2 45. b6 h1=Q 46. b7
Qa1+ 47. Kb8 Qe5+ 48. Ka7 Qd4+ 49. Ka8 Nc7+ 50. Kb8 Ne5 51. Kc8 Qd7+ 52. Kb8
Nc6# 0-1

[Event "AUTO-OPEN-1752"]
[Site "http://www.queenalice.com/game.php?id=678966"]
[Date "2009.11.6"]
[Round "1"]
[White "peace"]
[Black "gmoney1970"]
[Result "0-1"]
[WhiteElo "1753"]
[BlackElo "1750"]

1. Nf3 e6 2. e4 g6 3. e5 Bg7 4. d4 b6 5. d5 Bb7 6. Nc3 c6 7. d6 f6 8. Bf4 c5 9.
Nb5 Na6 10. Nc3 g5 11. exf6 Bxf6 12. Be5 Bxf3 13. Bxf6 Qxf6 14. gxf3 Nb4 15. a3
Nc6 16. Nb5 O-O-O 17. Nc7 Qxb2 18. Ba6+ Kb8 19. O-O Qe5 20. Bb5 Nd4 21. c3 Nf5
22. c4 Nd4 23. Re1 Qxd6 24. Na6+ Kc8 25. Re4 Nf6 26. Re3 Nxb5 27. cxb5 Qxd1+ 28.
Rxd1 d5 29. Rxe6 Rhf8 30. Rc6+ Kd7 31. Rc7+ Ke6 32. Rxa7 Rd7 33. Re1+ Kd6 34.
Rxd7+ Kxd7 35. a4 Nh5 36. Kg2 Nf4+ 37. Kg3 Nd3 38. Rd1 Nb2 39. Rxd5+ Ke6 40.
Rxg5 Nxa4 41. Rh5 Nc3 42. Rxh7 Nxb5 43. Rh6+ Rf6 44. Rh5 Rf5 45. Rh6+ Rf6 46.
Rh8 c4 47. Nb4 c3 48. Nc2 Rg6+ 49. Kf4 Rg2 50. Ke3 Kd5 51. Ke2 Nd4+ 52. Nxd4
Kxd4 53. Rb8 c2 54. Kd2 Rxf2+ 55. Kc1 Kd3 56. Rd8+ Kc3 57. Rc8+ Kb3 58. h4 Rxf3
59. Rxc2 Rf1+ 60. Kd2 b5 61. Rc3+ Ka4 62. Rh3 b4 63. Kc2 Rf2+ 64. Kb1 b3 65. h5
Ka3 66. Kc1 Ka2 67. Rh4 b2+ 0-1

[Event "AUTO-OPEN-1752"]
[Site "http://www.queenalice.com/game.php?id=678967"]
[Date "2009.11.6"]
[Round "1"]
[White "gmoney1970"]
[Black "pacou93"]
[Result "0-1"]
[WhiteElo "1763"]
[BlackElo "1836"]

1. e3 e5 2. Qh5 Nc6 3. a3 Nf6 4. Qf3 d5 5. b4 Bd6 6. b5 e4 7. Qd1 Ne5 8. Bb2 O-O
9. g3 c6 10. bxc6 bxc6 11. Bg2 Rb8 12. Ra2 Be6 13. Bxe5 Bxe5 14. c3 d4 15. Ra1
dxc3 16. dxc3 Qxd1+ 17. Kxd1 Ng4 18. Nh3 Rb2 19. Ke1 f5 20. Ng5 Bc4 21. Nd2 Bxc3
22. Rd1 Bxd2+ 23. Rxd2 Rxd2 24. Kxd2 Nxf2 25. Rc1 Bd5 26. Rb1 a5 27. h4 h6 28.
Nh3 Nxh3 29. Bxh3 g5 30. h5 f4 31. gxf4 gxf4 32. exf4 Rxf4 33. Rb8+ Rf8 34. Rb7
Rf3 35. Bg4 Rxa3 36. Rd7 Rg3 37. Be2 a4 38. Ra7 a3 39. Kc1 Rg2 40. Bd1 a2 41.
Ra8+ Kf7 42. Bc2 e3 43. Bg6+ Kf6 44. Rf8+ Ke5 45. Re8+ Kd4 46. Ra8 Kc3 47. Ra3+
Kb4 48. Ra7 Kb3 49. Rb7+ Kc3 0-1

[Event "AUTO-OPEN-1752"]
[Site "http://www.queenalice.com/game.php?id=678968"]
[Date "2009.11.6"]
[Round "1"]
[White "pacou93"]
[Black "gmoney1970"]
[Result "1-0"]
[WhiteElo "1769"]
[BlackElo "1801"]

1. e4 e6 2. Qe2 b6 3. c4 Ba6 4. d3 Bb4+ 5. Bd2 Bc5 6. Nf3 Qf6 7. Bc3 Qg6 8. g3
Nc6 9. Bg2 O-O-O 10. O-O Nge7 11. d4 Bb4 12. Bxb4 Nxb4 13. Nc3 d5 14. Ne5 Qf6
15. Qf3 Qxf3 16. Bxf3 Rdf8 17. b3 f6 18. Ng4 dxc4 19. Be2 Nc2 20. Rad1 b5 21.
bxc4 bxc4 22. a4 f5 23. Ne5 fxe4 24. Nxe4 Bb7 25. Ng5 c3 26. Nxe6 Rf6 27. Rc1
Be4 28. f3 Ne3 29. Rf2 Rxe6 30. fxe4 c2 31. Rf3 N7d5 32. exd5 Nxd5 33. Rxc2 Rhe8
34. Rf7 Nb4 35. Rcxc7+ Kb8 36. Rb7+ Kc8 37. Bg4 Nd5 38. Bxe6+ Rxe6 39. Rxa7 Nb6
40. Rf8+ 1-0

[Event "QA-ANNIV-05"]
[Site "http://www.queenalice.com/game.php?id=723877"]
[Date "2010.2.1"]
[Round "3"]
[White "gmoney1970"]
[Black "ads"]
[Result "0-1"]
[WhiteElo "1766"]
[BlackElo "2570"]

1. e3 Nf6 2. g4 e5 3. g5 Ne4 4. h4 d5 5. d3 Nd6 6. Bg2 c6 7. b4 h6 8. e4 dxe4 9.
dxe4 hxg5 10. Nf3 gxh4 11. Nxe5 Qe7 12. Bb2 h3 13. Bxh3 Rxh3 14. Rxh3 Bxh3 15.
Qf3 Nd7 16. Nxd7 Bxd7 17. Nd2 Qg5 18. O-O-O Bg4 0-1